Il nuovo disordine amoroso /
I tiakina i:
| Ngā kaituhi matua: | , |
|---|---|
| Ētahi atu kaituhi: | |
| Hōputu: | Pukapuka |
| Reo: | Itāriana |
| I whakaputaina: |
Milano :
Garzanti,
1979
|
| Rangatū: | Saggi blu
|
| Ngā marau: | |
| Ngā Tūtohu: |
Kāore He Tūtohu, Me noho koe te mea tuatahi ki te tūtohu i tēnei pūkete!
|
MARC
| LEADER | 00000nam a22000007i 4500 | ||
|---|---|---|---|
| 001 | IT\ICCU\SBL\0335923 | ||
| 003 | ItRI | ||
| 005 | 20260115232228.0 | ||
| 008 | 910930s1979 it |||||| ||||| |||||c | ||
| 015 | |2 IT |a 815031 | ||
| 040 | |b ita |c importazione bologna sebina | ||
| 041 | 7 | |a ita |2 ISO-639-2 | |
| 082 | |a 301.41 |9 SESSO |2 18 | ||
| 100 | 1 | |a Bruckner, Pascal |0 IT\ICCU\RAVV\030374 |4 aut | |
| 240 | 1 | 3 | |a Le nouveau desordre amoureux. |3 IT\ICCU\SBL\0335924 |9 Bruckner, Pascal |
| 245 | 1 | 3 | |a Il nuovo disordine amoroso / |c Pascal Bruckner, Alain Finkielkraut. |
| 260 | |a Milano : |b Garzanti, |c 1979 | ||
| 300 | |a 287 p. ; |c 21 cm | ||
| 500 | |a Trad. di Clara Morena. | ||
| 650 | 7 | |a Erotismo | |
| 700 | 1 | |a Finkielkraut, Alain |0 IT\ICCU\CFIV\105912 |4 aut | |
| 700 | 1 | |a Morena, Clara |0 IT\ICCU\CFIV\110513 | |
| 830 | 0 | |a Saggi blu |0 IT\ICCU\CFI\0001047 | |
| 942 | |2 ddc |c BK |n 0 | ||
| 952 | |0 0 |1 0 |4 0 |6 DOC_306_700000000000000_BRU |7 0 |9 22449 |a BO |b BO |d 2026-01-15 |i 49 |l 0 |o DOC 306.7 BRU |p BO49 |r 2026-01-15 23:22:28 |w 2026-01-15 |x [Sebina 5] [1 v.] |y BK |z 1 v. | ||
| 999 | |c 19170 |d 19170 | ||